[Event "West Wales Congress Major"]
[Site "Swansea"]
[Date "2019.10.11"]
[Round "1.6"]
[White "Chung, Daniel"]
[Black "Jones, Martin C"]
[Result "1/2-1/2"]
[WhiteElo "1434"]
[BlackElo "1746"]
[Annotator "kemen"]
[PlyCount "86"]
[EventDate "2019.10.11"]
[EventType "swiss"]
[EventRounds "5"]
[EventCountry "WLS"]

{[%evp 0,86,39,31,24,-36,-10,-11,21,33,32,11,11,7,8,-1,28,32,36,34,77,78,74,51,
75,15,93,114,134,147,153,151,151,97,124,132,140,133,140,139,116,141,179,177,
200,167,180,172,181,188,166,189,190,168,235,47,231,224,261,180,166,185,186,204,
211,211,211,93,93,121,197,0,0,0,84,0,0,0,0,0,0,0,0,0,0,0,0,0,0]} 1. d4 Nf6 2.
c4 e6 3. Nc3 Bb4 4. Nf3 d5 (4... b6) (4... c5) 5. Bg5 {now a Ragozin var of
the Queen's Gambit} O-O (5... h6) 6. cxd5 (6. e3) 6... exd5 7. Qb3 Bxc3+ {
56% for Wh} (7... Nc6 8. e3 {90% for Wh eg AH Williams- F May, Dyfed Open 2015,
1-0}) (7... c5 $1 {27% for Wh}) 8. bxc3 b6 (8... c6) (8... Nbd7 {main lines})
9. Bxf6 Qxf6 (9... gxf6 {Cloud Engines} 10. e3 $14 Bf5 {2 Wh wins, 2 draws, 1
Bl win} (10... Be6 11. Bd3 f5 12. Qc2 Qf6 13. Ne5 Kh8 14. f4 $14 {Vieira dos
Santos-Dutra, Rio Claro op 2014,0-1})) 10. Qxd5 $16 c6 (10... Ba6 11. e4 (11.
Qxa8 Nc6 12. Qxf8+ Kxf8 $11) 11... Bxf1 12. Kxf1 Nc6 $16 {Deep Fritz14}) (10...
Nc6 11. e3 $16 {Komodo13}) 11. Qb3 (11. Qg5 $16) 11... Bg4 12. h3 (12. Ne5)
12... Bh5 (12... Bxf3 {gives a bit of inbalance, so Bl should probably try
this, rather than just being a pawn down} 13. gxf3 Re8 14. Bg2 Nd7 15. e3 Qh4
16. Kf1 $16 {Komodo13- looks like Bl has full compensation for the pawn, given
Wh's awkward K side placement; but then Engines are remorseless defenders} (16.
O-O Re6 17. f4 Rg6 18. Qc2 $16 {looks a far more sensible Wh choice})) 13. Ne5
Qd6 14. g4 Bg6 15. Bg2 $18 Nd7 16. Nxg6 (16. Bxc6 $1 Nxe5 17. Bxa8 Rxa8 18.
dxe5 Qxe5 19. Qc4 Re8 20. O-O-O $18 {Komodo13}) (16. Nxd7 Qxd7 17. f4 h5 18. f5
Bh7 19. O-O-O $18 {Komodo13}) (16. Nxc6 Rae8 17. Qd5 Qc7 18. O-O $16 {Komodo13}
) 16... hxg6 (16... Qxg6 $5) 17. O-O Rac8 18. Rad1 Rfe8 19. e4 Qe7 20. f4 $18 {
the Wh centre should drive through} Kh8 21. e5 (21. f5) 21... Nf8 22. Qa4 (22.
c4 $18 {keep adding to the pressure}) 22... b5 23. Qb4 {the Q is best kept as
an attacker once the Wh pawns have chased enemy pieces to inferior squares} Qc7
24. c4 (24. Qb2 Kg8 25. f5 $18 {Komodo13}) 24... a5 25. Qb3 Rb8 26. Rc1 (26. c5
a4 27. Qf3 Rbc8 28. f5 $18 {Komodo13}) 26... Ne6 27. d5 (27. Qe3 $18) 27... Nd4
(27... bxc4 28. Qxc4 Qa7+ 29. Kh1 cxd5 30. Qxd5 Rb4 31. f5 Nf4 $11 {Komodo13-a
lot of the centre has dissolved & Bl has gained some piece activity}) 28. Qd3 (
28. Qe3) 28... c5 29. d6 (29. cxb5 {breaks up the Bl Q side pawns} Nxb5 30. a4
Qa7 (30... Nd4 $2 31. Qxd4 $18) 31. Qc4 Nd4 32. Qxc5 $18 {Komodo13}) 29... Qd7
30. cxb5 Rxb5 31. Rb1 (31. Bd5) 31... Reb8 32. Rxb5 Rxb5 33. Rb1 $6 {this
allows a tactic, but is also not best strategically either} (33. Bd5 $18 {
Komodo13-best to keep one R in reserve to attack the K once further pawn
advances have opened it up.}) (33. Rf2) 33... c4 $1 $11 34. Qe4 (34. Qxd4 Rxb1+
35. Kh2 Kh7 36. Kg3 (36. Qxc4 Qa7 $19) (36. Be4 Rb4 37. a3 Rb3 38. f5 $11)
36... c3 37. Qxc3 Qb5 38. Qd4 $11 {Komodo13}) 34... c3 {the Engine spots
another inaccuracy} (34... Rxb1+ 35. Qxb1 c3 36. Be4 Qa4 37. Qe1 c2 38. Qh4+
Kg8 39. Qd8+ Kh7 40. Qh4+ $11) 35. Rxb5 (35. Rc1 $18 Qa7 36. Kh2 c2 37. f5 {
Komodo13- keeping the R & continuing the pawn advance}) 35... Qxb5 36. Qxd4 c2
$11 37. d7 c1=Q+ 38. Kh2 Qxd7 {no 4 Qs today} 39. Qxd7 Qxf4+ 40. Kh1 Qc1+ 41.
Kh2 Qf4+ 42. Kg1 Qe3+ 43. Kf1 Qf4+ 1/2-1/2

[Event "West Wales Congress Major"]
[Site "Swansea"]
[Date "2019.10.12"]
[Round "2.1"]
[White "Di-Vetta, Andrew"]
[Black "Williams, Duncan"]
[Result "1-0"]
[WhiteElo "1812"]
[BlackElo "1793"]
[Annotator "kemen"]
[PlyCount "97"]
[EventDate "2019.10.11"]
[EventType "swiss"]
[EventRounds "5"]
[EventCountry "WLS"]

{[%evp 0,97,19,15,15,-22,-13,-22,-9,-24,4,11,13,0,8,3,-3,-2,21,-8,8,-52,-16,
-59,-7,-40,-34,-53,-60,-59,-19,-38,-20,-9,-6,-13,-21,-34,-19,-55,-55,-53,-46,
-40,-14,-51,-65,-67,-62,-66,-66,-55,-34,-38,-7,-16,0,-31,-28,-19,-15,-17,-20,
-24,-23,-25,-23,-127,-23,-143,0,-114,-109,-129,0,0,91,89,65,85,93,149,243,153,
286,416,308,308,299,208,492,558,558,558,1117,388,1227,533,1270,523]} 1. Nf3 Nf6
2. b3 d5 3. Bb2 e6 4. g3 c5 5. Bg2 Be7 6. O-O Nc6 7. d3 O-O 8. Nbd2 Qc7 9. Qc1
{a rare move} (9. e4) (9. c4) (9. Re1) 9... b6 (9... e5 $15 {Komodo13} 10. e3
h6 11. h3 b6 12. Nh2 Bb7 13. a4 Rfe8 14. Qd1 Rad8 15. Ng4 Nxg4 16. Qxg4 Bc8 17.
Qd1 Bf8 18. Kh2 e4 19. dxe4 dxe4 20. Qe2 f5 {Tovazzi-Weinberg, Arco op 2009,0-1
}) 10. Ng5 Ng4 (10... h6) 11. Nh3 Bf6 12. Bxf6 Nxf6 13. e3 e5 $15 14. f4 Ng4 (
14... Re8) (14... Bxh3 15. Bxh3 exf4 16. gxf4 Rfe8 17. Rf3 Rad8 $17 {Komodo13-
the Wh centre needs attention}) 15. Re1 Ne7 (15... d4 16. exd4 exd4 17. Bf3 Ne3
$17 {Komodo13}) 16. c4 (16. fxe5 $11) 16... Bb7 17. Qd1 Qd7 18. Qe2 Rfe8 19.
Nf2 Nxf2 20. Qxf2 exf4 (20... Nc6) 21. exf4 d4 (21... Rad8 {best leave things
more fluid in the centre now- Komodo13}) 22. Be4 (22. Ne4 $11) 22... Nf5 23.
Qf3 (23. Bxb7 Qxb7 24. Nf1 Qc6 25. Rxe8+ Rxe8 26. Re1 h5 $11 {Komodo13}) 23...
Bxe4 24. Rxe4 Ne3 25. Re1 f5 26. Rxe8+ Rxe8 27. Nf1 Nxf1 28. Kxf1 Rxe1+ 29.
Kxe1 Qe6+ 30. Kf2 $11 a5 31. Kg2 h6 32. Kh3 Kh7 33. Qb7 $2 {this should
backfire} (33. Qd5 $11) (33. Kg2 $11) 33... Kg6 (33... Qe2 $19 34. Qc8 (34.
Qxb6 g5 {mating, though winning the Q first} 35. fxg5 hxg5 36. Qc6 Qf1+ 37. Qg2
g4+ 38. Kh4 Qxg2 39. Kg5 Qf3) 34... Qf1+ 35. Kh4 Qxd3 $19 {Komodo13}) 34. a4
Kh7 (34... Qe2 $19 35. Qxb6+ Kh5 36. Qb7 Qxd3 $19 {Komodo13}) 35. Qb8 (35. Qd5
$11 Qe2 36. Qxf5+ Kh8 37. Qg6 Kg8 38. Qxb6 Qh5+ 39. Kg2 Qe2+ {perpetual}) 35...
Kg6 $19 (35... Qe2 $19) 36. Qd8 Kh7 (36... Qe2 $1) 37. Qd5 $11 Qxd5 $2 (37...
Qg6 $11) (37... Qe2 $11) 38. cxd5 $18 Kg6 (38... Kg8 39. Kh4 g6 40. g4 $18) 39.
Kh4 Kf6 40. Kh5 Ke7 41. Kg6 b5 42. axb5 a4 43. bxa4 (43. b6 $18) 43... c4 44.
a5 (44. b6 c3 45. b7 c2 46. b8=Q c1=Q 47. a5 $18 {Komodo13}) 44... Kd7 (44...
cxd3 45. a6 d2 46. a7 d1=Q 47. a8=Q $18 {the Wh K is safe & the Wh pawns are
much more threatening than Bl's d pawn}) 45. a6 cxd3 (45... Kc7 46. d6+) 46. a7
d2 47. a8=Q d1=Q 48. Qc6+ Kd8 49. Qd6+ (49. d6 Qg4+ 50. Kf7 Qh5+ 51. Kf8 {
is quickest- Komodo13}) 1-0

[Event "West Wales Congress Major"]
[Site "Swansea"]
[Date "2019.10.12"]
[Round "2.2"]
[White "Pe, Philip"]
[Black "Pinch, David"]
[Result "0-1"]
[WhiteElo "1789"]
[BlackElo "1842"]
[Annotator "kemen"]
[PlyCount "78"]
[EventDate "2019.10.11"]
[EventType "swiss"]
[EventRounds "5"]
[EventCountry "WLS"]

{[%evp 0,78,19,-40,0,-22,12,-32,-32,-17,-11,-11,-10,-74,-48,-53,-50,-53,-27,
-40,-16,-15,-14,-7,-3,-3,-15,-9,-9,-19,14,7,15,24,33,4,-17,-31,29,13,-42,-54,
81,75,182,174,254,-448,-448,-450,-490,-493,-481,-513,-499,-521,-476,-487,-467,
-460,-482,-480,-465,-480,-466,-583,-622,-1042,-448,-1101,-722,-771,-899,-1072,
-1136,-1142,-1162,-1162,-1161,-29983,-29984]} 1. b3 Nf6 2. Bb2 g6 3. g3 (3.
Bxf6 {main, notes by David unless _R}) 3... Bg7 4. Bg2 d6 {I dislike these
type of openings. It is difficult to decide how to set up the centre.} (4...
O-O {main, delays the decision_R}) 5. c4 c5 6. d4 (6. e3) (6. Nf3 {main _R})
6... cxd4 {An opportunity for the gain of a tempo.} 7. Bxd4 Nc6 8. Bc3 $146 {
gets in the way of the best square for the QN _R} (8. Bb2 {2-1 _R}) 8... O-O 9.
Nf3 Qc7 10. O-O {The engines score black not worse.} Rd8 11. Nbd2 d5 12. cxd5
Nxd5 13. Bxg7 Kxg7 14. Qc2 {[Houdini level best Qc1 B0.04].} Ncb4 {Offering a
Q swap where black will be more comfortable.} 15. Qe4 (15. Qxc7 {[Houdini W0.
14].} Nxc7 16. Rfc1 Nc6 17. Nc4 Ne6 18. Rd1 f6 19. Rxd8 Nexd8 20. Rd1 Be6 21.
Ne3 Rc8 22. Nd4 Nxd4 23. Rxd4 Rc1+ 24. Rd1 $11) 15... Nc6 {A check on the dark
squares may give tactical opportunities, so black decides to become more solid
and try to take advantage of white's exposed queen.} 16. Rac1 Nf6 17. Qh4 {
Not the best position for the queen. Retreating along the white diagonal was
better.} Qa5 $1 {[Houdini B0.44]Breaking the pin.} 18. Rc2 Rd5 $6 {[Houdini
level best Bf5 B0.49]Bf5 was rejected due to 19.e4.Houdini then gives Be6 but
why give white the free tempo? Black would like to develop the bishop but
cannot decide which is the best square. But it already has an influence
without moving. The rook move is risky due to a discovery from the g2 bishop
but white has no good squares yet for the knight. The idea is to continue
hassling the queen.} (18... Bf5 19. e4 Be6 $15 {Komodo13- the pawn on e4
blocks in the B & ends its influence towards the Q side.- it may even get to
be a bad B in some lines of play _R}) 19. Qf4 e5 $6 {This looked like it was
the right move, so, without much analysis black gave it a go! Houdini
recommends h6 but that is boring!.} (19... g5 20. Qe3 Ng4 21. Qc3+ Qxc3 22.
Rxc3 h6 $11 {Komodo13 _R}) 20. Nxe5 $5 Nxe5 $2 {[Houdini W0.93 best Rxe5 B0.35]
It was too complicated for black to sort out. And white's next was missed.} (
20... Rxe5 {[Houdini B0.01].} 21. Nc4 Qc5 22. Bxc6 Rf5 23. Qc7 Nd5 (23... Qxc6
24. Nd6 (24. Qxc6 bxc6 $19) 24... Qxc7 25. Rxc7 Bd7 26. Nxf5+ Bxf5 27. f3 Nd5
28. Rc5 Ne3 29. Rfc1 Re8 $15 {Komodo13 _R}) 24. Qd8 Qxc6 25. e4 Nf4 26. Qd4+
Qf6 27. Qxf6+ Rxf6 28. gxf4 Rxf4 29. Re1 Bh3 30. Re3 Rg4+ 31. Rg3 Rd8 32. Rd2
Rxd2 33. Nxd2 b5 $11) 21. b4 $1 Qb5 (21... Qa4 {[Houdini W0.94].} 22. Rxc8 Rxc8
23. Bxd5 Re8 24. Bb3 Qa6 25. Ne4 Nxe4 26. Qxe4 Re7 27. Qd4 Qf6 28. Qxa7 Nc6 29.
Qb6 Qd4 30. Qxd4+ Nxd4 31. Bc4 Nxe2+ 32. Kg2 Re4 33. Bd3 Re7 34. a3 Nd4 35. Rd1
Rd7 36. Be2 Rd6 37. Rd2 Kf6) 22. Bxd5 Qxe2 $2 {[Houdini W2.67 best Qxd5 W1.98]
Neither player saw 23.Qxf6+!.} (22... Qxd5 {[Houdini W1.89].} 23. Rc5 Qxa2 {
after} 24. Rxe5 {or} (24. Ra5 {Wh is winning- Komodo13 _R})) 23. Ne4 $2 (23.
Qxf6+ {[Houdini W2.80].} Kxf6 24. Ne4+ Qxe4 25. Bxe4) 23... Nf3+ {When all
else fails, try a check! And besides 24.Kg2 Bh3+! 25.Kxh3 Qxf1 is mate!.} (
23... Nxd5 24. Qxe5+ f6 25. Rc7+) (23... Qxc2 24. Qxf6+ Kg8 25. Qxe5 Be6 26.
Bxe6) 24. Qxf3 {White is forced to prevent the mate. To be fair he saw the
mate much quicker than black did!.} (24. Kg2 Bh3+ 25. Kxh3 Qxf1#) 24... Qxf3
25. Nxf6 Qxf6 26. Rfc1 Be6 {Black decides that the activity of the pieces is
worth more than the pawn.} 27. Bxb7 Rd8 (27... Rb8 28. Bg2 Rxb4 $19 {Komodo13
_R}) 28. b5 Bd5 {Swapping off the pieces must be the best strategy.} (28... Bf5
29. Re2 Bd3 30. Rd2 Bxb5 31. Rxd8 Qxd8 $19 {removes a potential Wh asset of a
passed Q side pawn- Komodo13 _R}) 29. Bxd5 Rxd5 30. a4 Qd4 {...Qf3 is best,
followed a rook swap on d1.Besides it is better, as usual, for the rook to be
in front of the queen.} 31. Rc4 Qb2 {Threatening Rd2.Black is trying to find
best the best strategy.} 32. R1c2 Qb1+ 33. Rc1 Qf5 (33... Rd1+ {Komodo13 ends
things at once _R}) 34. R1c2 {White is trying to keep eveything protected, but
black can see a mating net.} Rd1+ (34... Qf3 35. Rc1 Rd1+ 36. Rxd1 Qxd1+ 37.
Kg2 Qd5+ {Komodo13 finishes rapidly _R}) 35. Kg2 Qd5+ 36. Kh3 (36. f3 Qd3 37.
g4 Rd2+ 38. Rxd2 Qxd2+ 39. Kh3 Qe3 40. Kg3 Qe1+ 41. Kg2 Qe2+ 42. Kg3 Qxc4 {
Komodo13 _R}) 36... Rg1 {Threatening 36...Qh5+ 37.Rh4 Qf5+ picking up the
other rook.} 37. Rc5 Qe6+ 38. Kh4 Rg2 (38... h5 {mate in 8, Komodo13 _R} 39. f3
Qf6+ 40. Rg5 Qxf3 41. Rc4 Qe2 {& the R sacs just delay the mate _R}) 39. h3 {
F3 prevents the immediate mate but loses the rook after Rxc2 and Qe4+.} Qf6+ {
White resigns. He was unlucky that his winning position was marred by the mate
threat on move 23.} (39... Qe4+ {Komodo13 is a little quicker _R}) 0-1

[Event "West Wales Congress Major"]
[Site "Swansea"]
[Date "2019.10.12"]
[Round "2.3"]
[White "Stuart, Neil"]
[Black "Miga, Tomasz"]
[Result "0-1"]
[WhiteElo "1660"]
[BlackElo "1759"]
[Annotator "kemen"]
[PlyCount "66"]
[EventDate "2019.10.11"]
[EventType "swiss"]
[EventRounds "5"]
[EventCountry "WLS"]

1. d4 d5 2. c4 e6 3. Nf3 Be7 4. Nc3 Nf6 5. Bg5 h6 6. Bxf6 (6. Bh4) 6... Bxf6 7.
e3 O-O 8. Qc2 (8. Rc1) 8... b6 (8... c5 {can be played, it is riskier against
Rc1}) 9. cxd5 (9. O-O-O {main}) 9... exd5 10. Bd3 Bb7 11. O-O Nd7 12. b4 {main}
Rc8 (12... c5 $14 {immediately is main, though 5 Wh wins & 1 draw}) (12... c6 {
3 Wh wins, 3 draws}) 13. Rab1 (13. b5 $16 {Komodo13}) (13. Qd2 Qe7 14. Rab1 Ba8
15. Ba6 Rcd8 16. Rfc1 Nb8 17. Bf1 Nc6 18. Na4 (18. Ne2 $16 {Komodo13}) 18... a5
19. bxa5 (19. b5 $16) 19... Nxa5 20. Qd1 $11 {Hermanns-Gheng, GER ch U12,
Magdeburg 2014,1-0}) 13... c6 14. Rfd1 Qc7 15. e4 (15. a4 $16) (15. Rbc1 $16)
15... dxe4 16. Nxe4 Rfe8 17. Qb3 (17. Re1 $14) (17. a3 $14) 17... Qf4 (17... c5
$15) 18. Nxf6+ Qxf6 19. Re1 c5 20. bxc5 (20. Rxe8+ Rxe8 21. Bb5 Rd8 (21... Qf5
22. Bxd7 Qxd7 23. dxc5 Re2 24. Rd1 Qf5 $11 {Komodo13}) 22. dxc5 bxc5 23. Rd1
Nf8 24. Rxd8 Qxd8 25. bxc5 $14 {Komodo13}) 20... Bxf3 21. gxf3 Qxd4 (21... bxc5
$17) (21... Qg5+ 22. Kh1 bxc5 $15) 22. cxb6 Rxe1+ 23. Rxe1 axb6 $15 24. Be4 (
24. Bf5 Rc3 25. Qd1 Qxd1 26. Rxd1 Nf8 27. Be4 $11 {Komodo13}) (24. Re7 Ne5 25.
Be4 Qc5 26. Rb7 Nc4 27. Rd7 Ne5 28. Rb7 $11 {repetition=Komodo13}) 24... Qf6
25. Qd5 Nc5 26. Rb1 Rd8 (26... g6 $17) 27. Qf5 Nxe4 28. Qxe4 (28. fxe4 Qc6 $17)
28... Rd4 $19 29. Qe8+ (29. Qa8+ Kh7 30. Re1 Qg6+ 31. Kf1 Qf5 32. Qb7 Rf4 33.
Kg1 Qh3 $19 {Komodo1`3}) 29... Kh7 30. Qb5 (30. Re1 Qxf3) 30... Qxf3 31. Qxb6 (
31. Qe5 Rf4 32. Rf1 Rg4+) 31... Rg4+ 32. Kf1 Qh1+ (32... Qd3+ 33. Ke1 Rg1#) 33.
Ke2 Re4+ {the K is too exposed & it will cost a Q or a R} (33... Re4+ 34. Kd2
Qf3 35. Re1 Qf4+ 36. Kd1 (36. Qe3) 36... Qg4+ 37. Kd2 Qd7+ 38. Kc3 Rxe1 39. Qb3
Re4 40. Kc2 Re2+ 41. Kc3 Rxf2) 0-1

[Event "West Wales Congress Major"]
[Site "Swansea"]
[Date "2019.10.12"]
[Round "2.4"]
[White "Jones, Martin C"]
[Black "Jones, Huw"]
[Result "1/2-1/2"]
[WhiteElo "1746"]
[BlackElo "1642"]
[Annotator "kemen"]
[PlyCount "80"]
[EventDate "2019.10.11"]
[EventType "swiss"]
[EventRounds "5"]
[EventCountry "WLS"]

{[%evp 0,80,19,31,25,-16,7,27,62,62,52,62,104,69,66,63,63,63,48,26,22,28,35,36,
33,0,47,37,54,59,61,58,83,83,78,63,59,47,42,31,40,42,56,44,113,99,118,114,124,
114,125,132,124,132,125,100,80,78,90,86,84,86,98,80,90,95,102,87,104,16,20,-28,
108,-20,-20,-496,-544,-544,-5,-5,0,-64,-4]} 1. d4 Nf6 2. c4 c5 3. d5 b5 4. cxb5
a6 5. bxa6 g6 6. Nc3 Bxa6 7. Nf3 (7. e4) 7... d6 8. g3 Bg7 9. Bg2 O-O 10. Rb1
Nbd7 11. O-O Qc7 (11... Qa5 {main}) 12. Qc2 (12. b3 Rfb8 13. Qc2) 12... Rfb8
13. Rd1 (13. b3) 13... Nb6 (13... Ng4) 14. b3 Nfd7 {4 Wh wins, 1 draw} (14...
Bb7 {forces e4, though 5 Wh wins, 1 draw}) 15. Bb2 Ne5 $146 {Stockfish10} 16.
Nxe5 Bxe5 17. a4 {Stockfish10} Nd7 18. e4 (18. Bc1 Rb7 19. Bd2 $16 {Komodo13})
18... Qb6 (18... c4 $11 {Komodo13}) 19. Ba1 Qa5 (19... Nf6) 20. Bf1 Bxf1 21.
Kxf1 Rb7 (21... c4 $11) 22. Nb5 $16 (22. f4 $16) 22... Bxa1 23. Rxa1 Rab8 24.
Kg2 Qb4 25. Rab1 Nf6 (25... h5 $5) 26. f3 Ne8 27. Rd3 (27. Qc1 Nc7 28. Na3 Na8
29. Rd3 Nb6 30. Nb5 c4 31. Rd4 Qa5 32. bxc4 Nxa4 33. Rd2 Nc5 34. Ra1 Nb3 35.
Rxa5 Nxc1 36. Nd4 Rb2 37. Rxb2 Rxb2+ 38. Kh3 Nd3 $11 {Komodo13}) 27... Nc7 28.
Nxc7 Rxc7 29. Rc3 (29. Ra1 Qa5 30. g4 $16 {Komodo13}) 29... Rcb7 (29... c4 $14)
30. f4 h5 31. Kf3 Qd4 (31... Qa5 32. Kg2 Rb4 33. Rf1 c4 $11 {Komodo13}) 32. Rc4
Qf6 33. a5 e5 34. a6 (34. dxe6 Qxe6 35. Kg2 Ra7 36. Ra1 Rb5 37. Qc3 Ra6 $11 {
Komodo13- the variations in a Benko are often shifting & hard to evaluate- Bl
certainly gets a lot of piece activity, but the extra pawn might yet be
decisive in the long run.}) 34... Ra7 35. Ra4 h4 (35... Rb6) 36. Qg2 (36. Qc3
$14) 36... exf4 37. gxf4 $2 (37. Qb2 {looks forced} Qxb2 38. Rxb2 fxg3 39. hxg3
hxg3 40. Kxg3 Rb6 41. b4 cxb4 42. Rbxb4 Rbxa6 43. Rxa6 Rxa6 44. Kf4 $11 {
Komodo13}) 37... Qc3+ $19 38. Kg4 Rxb3 {Bl is happy to have his pawn back;
however the exposed position of the Wh K should have been a signal} (38... f5+
$1 {a forcing move that needs to be looked at in case it works, as it does
here.} 39. exf5 (39. Kxh4 Rh7+ 40. Kg5 Rh5+ 41. Kxg6 Qh8 {difficult to see
ahead, but it must be found} 42. Qg5 Rf8 43. Qxh5 Qf6#) (39. Kg5 Qh8 $1 40. Qe2
Rf8 41. exf5 Rxf5+ 42. Kg4 Qh5+ 43. Kh3 Qxe2 44. Rg1 Qf3+ 45. Rg3 hxg3 46. hxg3
Rh5#) 39... gxf5+ 40. Kxf5+ Rg7 41. Qxg7+ (41. Rg1 Rf8+ 42. Ke4 Re8+ 43. Kf5
Re5+ 44. Kf6 (44. fxe5 Qxe5#) 44... Re2+ 45. Kf5 Rexg2 46. Rxg2 Qh3+ 47. Ke4
Rxg2 48. Ra2 Rg7 49. Rg2 Rxg2 50. f5 (50. a7 Re2#) 50... Rg4#) 41... Kxg7 42.
Rg1+ Kf7 43. Re4 Qh3+ 44. Rg4 Rg8 {and mate in 7- Komodo13 ; in these kind of
positions Engines excel with their calculating accuracy.}) 39. Rxb3 Qxb3 40.
Ra2 Qc4 $11 (40... Qc4 41. Qe2 Qxe2+ 42. Rxe2 Rxa6 43. e5 Kf8 44. Kxh4 Ke7 45.
Rb2 Ra7 $11 {Komodo13}) 1/2-1/2

[Event "West Wales Congress Major"]
[Site "Swansea"]
[Date "2019.10.12"]
[Round "2.5"]
[White "Parri, Deio"]
[Black "Horrell, Stephen"]
[Result "0-1"]
[WhiteElo "1659"]
[BlackElo "1696"]
[Annotator "kemen"]
[PlyCount "98"]
[EventDate "2019.10.11"]
[EventType "swiss"]
[EventRounds "5"]
[EventCountry "WLS"]

{[%evp 0,98,19,31,39,-16,-10,4,4,-25,-1,0,32,45,53,47,55,77,88,69,92,86,83,84,
98,77,83,57,50,27,31,41,54,47,94,59,52,27,30,20,24,25,25,33,35,-16,6,10,17,15,
20,0,0,-2,11,2,7,-34,-4,-28,-23,-40,-22,-46,0,-52,-28,-55,-51,-42,112,6,0,0,0,
0,0,-21,-17,-36,-39,-43,-10,19,-7,-9,-3,-10,-52,-97,-103,-160,-98,-180,-221,
-218,-129,-106,-150,-373,-403]} 1. d4 d5 2. c4 e6 3. Nc3 Bb4 4. Qc2 Nf6 5. Nf3
Ne4 (5... O-O) (5... c5) 6. e3 h6 (6... O-O) 7. Bd3 Nxc3 (7... f5 {2-1}) 8.
bxc3 Be7 9. O-O O-O 10. cxd5 exd5 11. e4 $16 {Komodo13} (11. Rb1 {Fritz15} b6
12. Re1 Nc6 13. e4 Bg4 14. Nd2 Bg5 15. exd5 Bxd2 16. Bxd2 Ne7 17. c4 Qd7 18.
Bb4 Rfe8 {Webster-Gurner ,Guernsey Holiday op 2015,1-0}) 11... c6 12. h3 Nd7
13. e5 Nb6 14. Nh2 c5 15. Qe2 cxd4 16. cxd4 f5 17. f4 (17. exf6 Bxf6 18. Be3
$16 {Bl's K side is a bit loose}) 17... Be6 {Wh's K side attack has been halted
} 18. Be3 (18. Rb1) 18... Rc8 19. Rfc1 Nc4 $11 20. Bf2 Qd7 (20... b5) 21. Nf3
b5 22. a4 b4 (22... bxa4 $15) 23. Nd2 Rc7 24. Nb3 Rfc8 25. Be1 Qc6 26. Qh5 Qe8
27. Qxe8+ (27. Qe2 $11) 27... Rxe8 $11 28. Rc2 Rb8 29. Rac1 Kf7 30. Kf2 Rcc8
31. Ke2 g5 32. Bg3 (32. g4 $11 {Komodo13}) 32... h5 33. Kf2 (33. fxg5 Bxg5 34.
Ra1 Be3 35. Bf2 Bxf2 36. Kxf2 Ke7 $15 {Komodo13}) 33... h4 34. Bh2 Na3 (34...
Bd7 $17) 35. Rxc8 Rxc8 36. Rxc8 Bxc8 37. fxg5 Bxg5 38. g3 (38. Kf3 $11) (38.
Bg1 $11) 38... Nc4 (38... hxg3+ 39. Kxg3 f4+ 40. Kf3 Bxh3 $15 {Komodo13}) 39.
gxh4 Bxh4+ 40. Bg3 (40. Kf3 $11) 40... Bg5 (40... Be7 $15) 41. Kf3 (41. h4 $11)
41... Nd2+ 42. Nxd2 Bxd2 43. Bf4 (43. Bc2 f4 44. Bxf4 Bxf4 45. Kxf4 Bxh3 $11 {
Komodo13}) 43... Bc3 $17 44. Be3 (44. Ke3 b3 45. h4 a5 46. h5 Bb2 47. Bg3 Bc1+
48. Kf3 Bd7 49. Be1 Ke6 50. Bxa5 Bxa4 $17 {Komodo13}) 44... b3 $19 45. Ke2 a5 (
45... f4 46. Bxf4 Bxh3 47. Ke3 (47. Be3 Bg4+) 47... Bg2 $19 {Komodo13}) 46. Kd1
f4 (46... Kg6) 47. Bxf4 Bxd4 (47... Bxh3 $19) 48. h4 Bd7 49. Bb5 (49. Bd2 $1
Bxe5 50. Bxa5 Bf4 51. Bd2 Bg4+ 52. Ke1 (52. Kc1 b2+ $19) 52... Bg3+ 53. Kf1 Ke6
54. Bc3 Bxh4 55. a5 Bd8 56. a6 Bb6 57. Ke1 $11 {Komodo13}) 49... Bf5 $19 (49...
Bxb5 50. axb5 a4 $19) 0-1